[Event "Holguin Province-ch final"]
[Site "Holguin"]
[Date "2018.09.13"]
[Round "5"]
[White "Alvarez Perez, Jose"]
[Black "Gabriel Vargas, Carlos"]
[Result "1/2-1/2"]
[WhiteElo "2362"]
[BlackElo "2145"]
[PlyCount "48"]
[EventDate "2018.09.11"]
[EventType "tourn"]
[EventRounds "10"]
[EventCountry "CUB"]
[SourceTitle "EXT 2021"]
[Source "ChessBase"]
[SourceDate "2020.10.23"]
[SourceVersion "1"]
[SourceVersionDate "2020.10.23"]
[SourceQuality "1"]

1. Nf3 Nf6 2. c4 d6 3. d4 Nbd7 4. Nc3 e5 5. e3 Be7 6. Be2 0-0 7. 0-0 Re8 8. b4 Bf8 9. b5 e4 10. Nd2 d5 11. Qb3 dxc4 12. Bxc4 Qe7 13. a4 Nb6 14. Ba3 Qd7 15. Bxf8 Kxf8 16. Rac1 Re7 17. f3 exf3 18. Rxf3 Qg4 19. Rcf1 Nxc4 20. Qxc4 Be6 21. Qc5 b6 22. Qb4 Rae8 23. Rg3 Qh4 24. Nf3 Qh6 1/2-1/2

[Event "Holguin Province-ch final"]
[Site "Holguin"]
[Date "2018.09.12"]
[Round "4"]
[White "Gabriel Vargas, Carlos"]
[Black "Cespedes Bejerano, Jose Angel"]
[Result "1/2-1/2"]
[WhiteElo "2145"]
[BlackElo "2080"]
[PlyCount "20"]
[EventDate "2018.09.11"]
[EventType "tourn"]
[EventRounds "10"]
[EventCountry "CUB"]
[SourceTitle "EXT 2021"]
[Source "ChessBase"]
[SourceDate "2020.10.23"]
[SourceVersion "1"]
[SourceVersionDate "2020.10.23"]
[SourceQuality "1"]

1. e4 e5 2. Nf3 Nf6 3. Nxe5 d6 4. Nxf7 Kxf7 5. Nc3 Be7 6. d4 Re8 7. Bd3 Nc6 8. 0-0 Kg8 9. f3 Bf8 10. Be3 Bf5 1/2-1/2

[Event "Holguin Province-ch sf"]
[Site "Holguin"]
[Date "2018.09.09"]
[Round "5"]
[White "Gabriel Vargas, Carlos"]
[Black "Soria Delgado, Kadir"]
[Result "1/2-1/2"]
[WhiteElo "2145"]
[BlackElo "2244"]
[PlyCount "112"]
[EventDate "2018.09.07"]
[EventType "swiss"]
[EventRounds "7"]
[EventCountry "CUB"]
[SourceTitle "EXT 2021"]
[Source "ChessBase"]
[SourceDate "2020.10.23"]
[SourceVersion "1"]
[SourceVersionDate "2020.10.23"]
[SourceQuality "1"]

1. e4 c5 2. Nf3 g6 3. Bc4 Nc6 4. 0-0 Bg7 5. c3 e6 6. Re1 Nge7 7. d3 d5 8. Bb3 dxe4 9. dxe4 Qxd1 10. Bxd1 b6 11. Be2 Bb7 12. Nbd2 0-0 13. Nc4 Rad8 14. Bf4 Nc8 15. a4 Ba8 16. Bf1 f6 17. h4 Rd7 18. e5 fxe5 19. Nfxe5 Nxe5 20. Bxe5 Bxe5 21. Rxe5 Bd5 22. Ne3 Ne7 23. Bb5 Rd6 24. h5 Nf5 25. hxg6 hxg6 26. Nc4 Bxc4 27. Bxc4 Ng7 28. Rae1 Rf6 29. b3 a5 30. g4 Kf7 31. Kg2 Rd2 32. R5e2 Rxe2 33. Rxe2 Ke7 34. Kg3 Rf8 35. Kh4 Kf6 36. Rd2 g5+ 37. Kg3 Ke7 38. Bb5 Rd8 39. Rxd8 Kxd8 40. f4 Ke7 41. fxg5 e5 42. Bc4 Ne8 43. Bd5 Nd6 44. Kh4 Kf8 45. g6 Kg7 46. Kg5 b5 47. c4 bxa4 48. bxa4 Nc8 49. Kf5 Nb6 50. Kxe5 Nxa4 51. Kd6 Kxg6 52. Bc6 Nb2 53. Kxc5 Kg5 54. Bd7 a4 55. Bxa4 Nxc4 56. Kxc4 Kxg4 1/2-1/2

[Event "Capablanca Memorial op-B 45th"]
[Site "Havana"]
[Date "2011.05.11"]
[Round "1"]
[White "Gabriel Vargas, Carlos"]
[Black "Aguilera Rodriguez, Alfredo R"]
[Result "0-1"]
[WhiteElo "2214"]
[BlackElo "2242"]
[PlyCount "57"]
[EventDate "2011.05.11"]
[EventType "swiss"]
[EventRounds "7"]
[EventCountry "CUB"]
[SourceTitle "CBM 142 Extra"]
[Source "ChessBase"]
[SourceDate "2011.06.27"]
[SourceVersion "1"]
[SourceVersionDate "2011.06.27"]
[SourceQuality "1"]

1. e4 c5 2. Nf3 d6 3. Bb5+ Bd7 4. Bxd7+ Qxd7 5. 0-0 Nc6 6. d4 cxd4 7. Nxd4 Nf6 8. f3 g6 9. c4 Bg7 10. Be3 0-0 11. Nc3 Rfc8 12. b3 a6 13. Nde2 Rab8 14. Na4 b5 15. Nb6 Qa7 16. c5 Rd8 17. Qc1 d5 18. Ng3 dxe4 19. fxe4 Ng4 20. Bf4 Rxb6 21. h3 Rb7 22. hxg4 Bxa1 23. Qxa1 Qxc5+ 24. Kh2 Qd4 25. Qc1 Ne5 26. Kh3 Nd3 27. Qd2 e5 28. Be3 Qd7 29. Bf2 0-1

[Event "Holguin"]
[Site "Holguin"]
[Date "1999.??.??"]
[Round "?"]
[White "Bonet, Ariel"]
[Black "Gabriel Vargas, Carlos"]
[Result "1/2-1/2"]
[WhiteElo "2250"]
[BlackElo "2261"]
[PlyCount "54"]
[EventDate "1999.??.??"]
[EventType "tourn"]
[EventRounds "14"]
[EventCountry "CUB"]
[SourceTitle "EXT 2003"]
[Source "ChessBase"]
[SourceDate "2002.11.25"]
[SourceVersion "1"]
[SourceVersionDate "2002.11.25"]
[SourceQuality "1"]

1. d4 c5 2. d5 f5 3. Nf3 g6 4. g3 Bg7 5. Bg2 Nf6 6. 0-0 0-0 7. c4 Na6 8. Nc3 d6 9. Rb1 Qe8 10. Bd2 h6 11. a3 Nc7 12. b4 b6 13. h4 Kh7 14. Ne1 Qf7 15. Nd3 Ng4 16. Bf3 Ne5 17. Nxe5 Bxe5 18. e3 Bd7 19. Ne2 g5 20. hxg5 hxg5 21. bxc5 bxc5 22. Qc2 Rad8 23. Bc3 Qf6 24. Bxe5 Qxe5 25. Qc3 Qxc3 26. Nxc3 Ne8 27. Be2 Nf6 1/2-1/2